En torno a la posmodernidad /
Guardado en:
| Autor Principal: | |
|---|---|
| Otros Autores: | , |
| Formato: | Libro |
| Publicado: |
Barcelona :
Anthropos,
1994
|
| Series: | Biblioteca A; Conciencia.-
|
| Materias: | |
| Etiquetas: |
Agregar Etiqueta
Sin Etiquetas, Sea el primero en etiquetar este registro!
|
| LEADER | 00767nam a22002295a 4500 | ||
|---|---|---|---|
| 001 | EHU.bham019821 | ||
| 003 | AR-BHAM | ||
| 005 | 20101124190923.0 | ||
| 008 | 130507s1994##################000#0#####d | ||
| 082 | 1 | 9 | |a 193 |
| 100 | 1 | |a Vattimo, Gianni | |
| 245 | 1 | 0 | |a En torno a la posmodernidad / |c Gianni Vattimo , M. Mardones , I. Urdanibia |
| 260 | |a Barcelona : |b Anthropos, |c 1994 | ||
| 300 | |a 167 p. | ||
| 490 | 0 | |a Biblioteca A; Conciencia.- | |
| 653 | |a Filosofia alemana | ||
| 653 | |a Posmodernidad | ||
| 700 | 1 | |a Mardones, M. | |
| 700 | 1 | |a Urdanibia, I. | |
| 859 | |a AR-BHAM |b BIB. HUMANIDADES - General |h 193 |i V459-1 |p 18.96 |t Ej.1 | ||
| 859 | |a AR-BHAM |b BIB. HUMANIDADES - General |h 193 |i V459-1 |p 3.99 |t Ej.1 | ||
| 859 | |a AR-BHAM |b BIB. HUMANIDADES - General |h 193 |i V459-1 |p 633.99 |t Ej.1 | ||
